000 00964 a2200253 4500
001 28150
005 20260407155553.0
008 260407a1998 arg spa d
003 AR-UNSa-BCEJYS
040 _aAR-UNSa-BCEJYS
_bspa
_cAR-UNSa-BCEJYS
080 _a657
_xContabilidad
245 1 0 _aTeoría Contable
020 _a950-537-422-4
264 1 _aBuenos Aires :
_bEdiciones Macchi
_c1998
300 _a413 p.
_c23 cm.
505 _a1. La contabilidad y sus objetivos - 2. La información contable - 3. El proceso conatable y la estructura patrimonial y de resultados - 4. Reconocimiento contable de las variaciones patrimoniales - 5. Aspectos legales y profesionales de las normas contables.
942 _cBK
590 _aniveau_biblio:m niveau_hierar:0
100 1 _aChaves, Osvaldo Argentino
700 1 _aChyrikins, Héctor
700 1 _aDealecsandris, Ricardo P.
700 1 _aPahlen Acuña, Ricardo Jose María
700 1 _aViegas, Juan Carlos
999 _c1658
_d1658